Statistisk Arsbok Göteborg 1983

Enregistré dans:
Détails bibliographiques
Format: Livre
Langue:suédois
Publié: Göteborg Stadskansli 1983
Tags: Ajouter un tag
Pas de tags, Soyez le premier à ajouter un tag!

MARC

LEADER 00000nam a2200000 4500
001 c115613
005 20260327115041.2
041 0 |a swe 
044 |a SE 
245 1 0 |a Statistisk Arsbok Göteborg 1983 
264 1 |a Göteborg  |b Stadskansli  |c 1983 
300 |a 304 s.